00382nam a2200145Ia 4500008004100000020001100041040001600052041001200068082002000080100001800100245005200118250001200170260003700182300001700219230917s9999||||xx |||||||||||||| ||und|| cRS0.57 e32534aMAIN aEnglish a361.60973 P442A aPeters, B Guy 0aAmerican public policy: Promise and performance a2nd ed. aNew DelhibEast West Pressc1988 aviii, 344 p.